Indian Statutory Commission (Record no. 393249)

000 -LEADER
fixed length control field 00518cam a22001217a 4500
008 - FIXED-LENGTH DATA ELEMENTS--GENERAL INFORMATION
fixed length control field 180718b1930 xxu||||| |||| 00| 0 eng d
082 ## - DEWEY DECIMAL CLASSIFICATION NUMBER
Classification number C0x54073 Un3
100 ## - MAIN ENTRY--PERSONAL NAME
Personal name Indian Statutory Commission
245 ## - TITLE STATEMENT
Title Indian Statutory Commission
260 ## - PUBLICATION, DISTRIBUTION, ETC.
Place of publication, distribution, etc. London
Name of publisher, distributor, etc. Her Majesty's Stationery Office
Date of publication, distribution, etc. 1930
300 ## - PHYSICAL DESCRIPTION
Extent -v-
500 ## - GENERAL NOTE
General note Library has v.1. Survey. 409+p.; v.2. Recommendations. 344+p. v.15. Extracts from official oral evidence. 534+p; v.16. Elections from memoranda and oral evidence. 496+p.; Interim report. 409+p.
Holdings
Withdrawn status Lost status Damaged status Not for loan Permanent Location Current Location Date acquired Full call number Barcode Date last seen Price effective from Koha item type
        Indian Institute of Public Administration Indian Institute of Public Administration 2010-01-20 C0x54073 Un3 A835 2018-07-21 2018-07-21 A
        Indian Institute of Public Administration Indian Institute of Public Administration 2009-08-28 C0x54 In2i 63365 2018-07-21 2018-07-21 Book
        Indian Institute of Public Administration Indian Institute of Public Administration 2000-04-28 C0x54073 Un3 16258 2018-07-21 2018-07-21 Book
        Indian Institute of Public Administration Indian Institute of Public Administration 2000-04-28 C0x54073 Un3 16257 2018-07-21 2018-07-21 Book
        Indian Institute of Public Administration Indian Institute of Public Administration 2009-11-18 C0x54073 Un3 8290 2018-07-21 2018-07-21 Book
        Indian Institute of Public Administration Indian Institute of Public Administration 2009-11-18 C0x54073 Un3 2705 2018-07-21 2018-07-21 Book

Powered by Koha